[Event "World Women's Team Pool A"]
[Site "Linares ESP"]
[Date "2025.11.18"]
[Round "1.1"]
[White "Yip, Carissa"]
[Black "Khademalsharieh, Sarasadat"]
[Result "1-0"]
[WhiteTitle "IM"]
[BlackTitle "IM"]
[WhiteElo "2459"]
[BlackElo "2429"]
[WhiteTeam "USA"]
[BlackTeam "Spain"]
[WhiteFideId "2090732"]
[BlackFideId "12512214"]
[EventDate "2025.11.18"]

1. e4 e5 2. Nf3 Nc6 3. Bc4 Bc5 4. c3 Nf6 5. d3 d6 6. Bg5 h6 7. Bh4 a5 8. Nbd2
Ba7 9. Rc1 Qe7 10. O-O g5 11. Bg3 Nh7 12. d4 h5 13. h4 g4 14. Ne1 exd4 15. Nd3
dxc3 16. Rxc3 Bd4 17. Rc1 Nf6 18. Bb5 O-O 19. Re1 Ne5 20. Nb3 Bb6 21. Qd2 Kh7
22. a4 c6 23. Bc4 Rg8 24. Nf4 Bd7 25. Bf1 Bc7 26. Nd4 Rae8 27. Nb3 Ra8 28. Nd3
Bb6 29. Qc3 Rge8 30. Rcd1 c5 31. Ra1 Bc6 32. Nd2 Bc7 33. Bf4 Nfd7 34. Bg5 f6 35.
Bf4 Ng6 36. Bg3 Nde5 37. b3 Rad8 38. Nb2 Qf7 39. Nbc4 b6 40. Ne3 Ne7 41. Nec4
Bd7 42. Na3 d5 43. exd5 Nxd5 44. Qc2+ Kg7 45. Nac4 Nxc4 46. Nxc4 Bxg3 47. fxg3
Be6 48. Qb2 Qc7 49. Qf2 Nb4 50. Rad1 Rxd1 51. Rxd1 Bd5 52. Ne3 Be4 53. Nf5+ Bxf5
54. Qxf5 Re7 55. Qxh5 Qc8 56. Bc4 1-0

[Event "World Women's Team Pool A"]
[Site "Linares ESP"]
[Date "2025.11.18"]
[Round "1.2"]
[White "Vega Gutierrez, Sabrina"]
[Black "Sargsyan, Anna M."]
[Result "1-0"]
[WhiteTitle "IM"]
[BlackTitle "IM"]
[WhiteElo "2377"]
[BlackElo "2377"]
[WhiteTeam "Spain"]
[BlackTeam "USA"]
[WhiteFideId "2219026"]
[BlackFideId "13308130"]
[EventDate "2025.11.18"]

1. e4 c5 2. Nf3 Nc6 3. Bb5 g6 4. O-O Bg7 5. Re1 e5 6. b4 Nxb4 7. Bb2 a6 8. a3
axb5 9. axb4 Rxa1 10. Bxa1 d6 11. bxc5 Ne7 12. d4 dxc5 13. dxc5 Qxd1 14. Rxd1
Bg4 15. Na3 O-O 16. Rb1 Ra8 17. Nxb5 Bxf3 18. gxf3 Rc8 19. Bb2 Bf8 20. Ba3 Nc6
21. Rd1 Nd4 22. Nxd4 exd4 23. Rxd4 Bxc5 24. Bxc5 Rxc5 25. c4 b5 26. cxb5 Rxb5
27. f4 Kg7 28. Kg2 Rb3 29. Rd7 Ra3 30. e5 Kg8 31. f3 Ra2+ 32. Kg3 Re2 33. h3 Kg7
34. Rb7 Kg8 35. h4 h5 36. Rb6 Kg7 37. Rf6 Re1 38. Ra6 Re2 39. Ra4 Rb2 40. f5
gxf5 41. Kf4 Rb3 42. Ra7 Kg8 43. Ra6 Kg7 44. Rf6 Rb5 45. Rxf5 Kg6 46. Rg5+ Kh6
47. Kf5 Rb6 48. f4 Ra6 49. Rg8 Kh7 50. Rd8 Kg7 51. Rd6 Ra4 52. Kg5 Rb4 53. Rf6
Ra4 54. Kxh5 Ra1 55. Rf5 Rf1 56. Rg5+ Kh7 57. Rg4 Ra1 58. Kg5 Ra6 59. f5 Kg7 60.
Rb4 Ra5 61. Re4 Ra1 62. e6 Rg1+ 63. Kh5 fxe6 64. fxe6 Kf8 65. e7+ Ke8 66. Kh6
Rg2 67. h5 Rg1 68. Kh7 Rg2 69. h6 Rg1 70. Re6 Rf1 71. Kg7 Rf7+ 72. Kg6 Rf1 73.
h7 1-0

[Event "World Women's Team Pool A"]
[Site "Linares ESP"]
[Date "2025.11.18"]
[Round "1.3"]
[White "Abrahamyan, Tatev"]
[Black "Matnadze Bujiashvili, Ann"]
[Result "1/2-1/2"]
[WhiteTitle "IM"]
[BlackTitle "IM"]
[WhiteElo "2391"]
[BlackElo "2326"]
[WhiteTeam "USA"]
[BlackTeam "Spain"]
[WhiteFideId "13301918"]
[BlackFideId "13601377"]
[EventDate "2025.11.18"]

1. e4 c5 2. Nf3 d6 3. d4 cxd4 4. Nxd4 Nf6 5. Nc3 Nc6 6. f3 e5 7. Nb3 Be7 8. Be3
Be6 9. Qe2 O-O 10. O-O-O Na5 11. Kb1 Nxb3 12. cxb3 Qa5 13. g4 d5 14. g5 d4 15.
gxf6 Bxf6 16. Nd5 dxe3 17. Nxf6+ gxf6 18. Qxe3 Rfd8 19. Bc4 Bxc4 20. bxc4 Kf8
21. Rd5 Qb4 22. Qh6+ Ke7 23. Rb5 Qxc4 24. Rxb7+ Ke8 25. Rb3 Rac8 26. Rc1 Qe2 27.
Rxc8 Rxc8 28. Rc3 Rxc3 29. bxc3 Qxf3 30. Qxh7 Qxc3 31. h4 Ke7 32. h5 a5 33. h6
a4 34. Qf5 Qd3+ 35. Kc1 Qe3+ 36. Kc2 Qe2+ 37. Kc3 Qxa2 38. Qc8 Qa1+ 39. Kb4 Qd4+
40. Ka3 Qe3+ 41. Ka2 Qd2+ 42. Ka3 Qe3+ 43. Ka2 Qxh6 44. Qc5+ Ke8 45. Qc8+ Ke7
46. Qc5+ Kd7 47. Qb5+ Kd8 48. Qb6+ Ke8 49. Qb8+ Ke7 50. Qb4+ Ke8 51. Qb8+ Ke7
52. Qb4+ 1/2-1/2

[Event "World Women's Team Pool A"]
[Site "Linares ESP"]
[Date "2025.11.18"]
[Round "1.4"]
[White "Prado Acebo, Ines"]
[Black "Tang, Zoey"]
[Result "0-1"]
[WhiteTitle "WFM"]
[BlackTitle "FM"]
[WhiteElo "2225"]
[BlackElo "2381"]
[WhiteTeam "Spain"]
[BlackTeam "USA"]
[WhiteFideId "22251235"]
[BlackFideId "30952530"]
[EventDate "2025.11.18"]

1. d4 Nf6 2. c4 e6 3. Nc3 Bb4 4. e3 O-O 5. Bd3 Re8 6. Ne2 d5 7. cxd5 exd5 8. O-O
Nbd7 9. Nf4 c6 10. f3 Nf8 11. Bc2 Ng6 12. a3 Ba5 13. Nxg6 hxg6 14. b4 Bc7 15. g4
a5 16. Rb1 axb4 17. axb4 Be6 18. Rf2 g5 19. Qd3 g6 20. Na4 Kg7 21. Bb2 Rh8 22.
Nc5 Bc8 23. Rbf1 b6 24. Nb3 Ba6 25. Qd1 Bxf1 26. Qxf1 Rh4 27. Bd1 Qe7 28. Bc1
Rah8 29. f4 Nxg4 0-1

[Event "World Women's Team Pool A"]
[Site "Linares ESP"]
[Date "2025.11.18"]
[Round "1.5"]
[White "Goryachkina, Aleksandra"]
[Black "Kamalidenova, Meruert"]
[Result "1/2-1/2"]
[WhiteTitle "GM"]
[BlackTitle "IM"]
[WhiteElo "2540"]
[BlackElo "2343"]
[WhiteTeam "FIDE"]
[BlackTeam "Kazakhstan"]
[WhiteFideId "4147103"]
[BlackFideId "13712802"]
[EventDate "2025.11.18"]

1. e4 c5 2. Nf3 Nc6 3. Bb5 e6 4. O-O Nge7 5. Re1 a6 6. Bf1 d5 7. exd5 Nxd5 8. d4
Nf6 9. Be3 cxd4 10. Nxd4 Bd7 11. c4 Qc7 12. h3 Bd6 13. Nc3 O-O 14. Nf3 Ne5 15.
Nd2 Ng6 16. Qb3 Bc6 17. Bb6 Qb8 18. Nde4 Bh2+ 19. Kh1 Nxe4 20. Nxe4 Bc7 21. Rad1
Rd8 22. Rxd8+ Bxd8 23. Bxd8 Qxd8 24. Qe3 Qa5 25. a3 Rd8 26. b4 Qf5 27. Kg1 h6
28. b5 axb5 29. cxb5 Bd5 30. Ng3 Qf6 31. Nh5 Qg5 32. Qxg5 hxg5 33. Rc1 Ra8 34.
Rc3 Kf8 35. Bd3 Ne5 36. Bc2 Nc4 37. a4 Nb2 38. Kh2 Nxa4 39. Bxa4 Rxa4 40. Rc8+
Ke7 41. Rc7+ Kf8 42. Rc8+ Ke7 43. Rc7+ Ke8 44. Nxg7+ Kf8 45. Nh5 Rb4 46. Nf6
Rxb5 47. Nh7+ Kg8 48. Nxg5 e5 49. f3 f6 50. Ne4 Bxe4 51. fxe4 Rb3 1/2-1/2

[Event "World Women's Team Pool A"]
[Site "Linares ESP"]
[Date "2025.11.18"]
[Round "1.6"]
[White "Kurmangaliyeva, Liya"]
[Black "Lagno, Kateryna"]
[Result "1/2-1/2"]
[WhiteTitle "FM"]
[BlackTitle "GM"]
[WhiteElo "2287"]
[BlackElo "2517"]
[WhiteTeam "Kazakhstan"]
[BlackTeam "FIDE"]
[WhiteFideId "13725831"]
[BlackFideId "14109336"]
[EventDate "2025.11.18"]

1. Nf3 d5 2. g3 Nf6 3. Bg2 e6 4. O-O Be7 5. d3 O-O 6. Bf4 b6 7. c4 Bb7 8. Nc3
Nbd7 9. cxd5 Nxd5 10. Nxd5 Bxd5 11. e4 Bb7 12. Qe2 c5 13. Rfd1 Nf6 14. Rac1 Rc8
15. b3 h6 16. h3 Qe8 17. g4 Nd7 18. Qe3 f6 19. Bg3 e5 20. Nh4 Qf7 21. Nf5 Rfd8
22. h4 Nf8 23. f4 exf4 24. Bxf4 Ne6 25. Bxh6 Bf8 26. Bf4 Nxf4 27. Qxf4 Rd7 28.
Rc2 Rcd8 29. Rcd2 Bd6 30. Nxd6 Rxd6 31. Bf1 Qe7 32. Re1 Ba6 33. Qg3 Qe5 34. Qxe5
fxe5 35. Re3 g6 36. Kf2 Kg7 37. Kg3 Rf6 38. Rf3 Rxf3+ 39. Kxf3 Rf8+ 40. Kg2 Rf4
41. Be2 Bc8 42. Kg3 Be6 43. Rd1 a5 44. Rb1 Rf8 45. a3 Rd8 46. Kf2 Rh8 47. Kg3
Rd8 48. Rb2 Rf8 49. Bd1 Rd8 50. Bc2 b5 51. Rb1 b4 52. a4 Bf7 53. Kf3 Rh8 54. Rh1
Be6 55. Bd1 g5 56. h5 Rf8+ 57. Kg3 Rd8 58. Bc2 Bxb3 59. Bb1 Be6 60. Rf1 b3 61.
Rc1 Rc8 62. Rc3 Rc7 63. Rc1 Rc8 64. Rc3 Kf6 65. Rc1 Ke7 66. Rc3 Kd6 67. Rc1 Rh8
68. Rf1 Ke7 69. Rc1 Kd6 70. Rf1 Ke7 71. Rc1 1/2-1/2

[Event "World Women's Team Pool A"]
[Site "Linares ESP"]
[Date "2025.11.18"]
[Round "1.7"]
[White "Shuvalova, Polina"]
[Black "Balabayeva, Xeniya"]
[Result "1-0"]
[WhiteTitle "IM"]
[BlackTitle "WGM"]
[WhiteElo "2472"]
[BlackElo "2360"]
[WhiteTeam "FIDE"]
[BlackTeam "Kazakhstan"]
[WhiteFideId "24171760"]
[BlackFideId "13719688"]
[EventDate "2025.11.18"]

1. e4 e5 2. Nf3 Nc6 3. Bb5 Nf6 4. d3 d6 5. O-O Be7 6. Re1 O-O 7. h3 a6 8. Bxc6
bxc6 9. d4 Nd7 10. dxe5 Nxe5 11. Nxe5 dxe5 12. Qe2 Be6 13. Be3 Qb8 14. b3 a5 15.
Nc3 Bb4 16. Bd2 Rd8 17. Red1 Rd7 18. Nb1 Qb5 19. Qe1 c5 20. c3 Ba3 21. c4 Qc6
22. Qe2 Rd4 23. Nc3 a4 24. Nd5 Qb7 25. Bc3 c6 26. Ne3 axb3 27. axb3 Rxd1+ 28.
Qxd1 Qc7 29. Qh5 Qb8 30. Qxe5 Qf8 31. Nc2 Re8 32. Rxa3 Bxc4 33. Qg3 Be6 34. Ne3
c4 35. bxc4 1-0

[Event "World Women's Team Pool A"]
[Site "Linares ESP"]
[Date "2025.11.18"]
[Round "1.8"]
[White "Nurgaliyeva, Zarina"]
[Black "Garifullina, Leya"]
[Result "1/2-1/2"]
[WhiteTitle "WIM"]
[BlackTitle "IM"]
[WhiteElo "2310"]
[BlackElo "2458"]
[WhiteTeam "Kazakhstan"]
[BlackTeam "FIDE"]
[WhiteFideId "13730096"]
[BlackFideId "34127035"]
[EventDate "2025.11.18"]

1. e4 c5 2. c3 d5 3. exd5 Qxd5 4. d4 Nf6 5. Nf3 Nc6 6. Be3 cxd4 7. cxd4 e6 8.
Nc3 Qd8 9. Bb5 Bd7 10. O-O Be7 11. d5 exd5 12. Nxd5 O-O 13. Nxe7+ Nxe7 14. Bc4
Bc6 15. Ne5 Bd5 16. Rc1 Ng6 17. Nxg6 hxg6 18. Qb3 Bxc4 19. Rxc4 b6 20. Bg5 Qd5
21. Bxf6 gxf6 22. Qc3 Qe5 23. Re1 Qxc3 24. Rxc3 Rac8 25. Rec1 Rxc3 26. Rxc3 Rd8
27. Kf1 Rd2 28. Ra3 Rxb2 29. Rxa7 b5 30. a3 f5 31. Rb7 Kg7 32. Rb6 Kh6 33. a4 b4
34. g3 b3 35. a5 Ra2 36. Rxb3 Rxa5 1/2-1/2

[Event "World Women's Team Pool A"]
[Site "Linares ESP"]
[Date "2025.11.18"]
[Round "1.9"]
[White "Fataliyeva, Ulviyya"]
[Black "Cori T., Deysi"]
[Result "1-0"]
[WhiteTitle "IM"]
[BlackTitle "IM"]
[WhiteElo "2420"]
[BlackElo "2350"]
[WhiteTeam "Azerbaijan"]
[BlackTeam "Peru"]
[WhiteFideId "13403052"]
[BlackFideId "3801934"]
[EventDate "2025.11.18"]

1. e4 e6 2. d4 d5 3. Nc3 Nf6 4. e5 Nfd7 5. f4 c5 6. Nf3 Nc6 7. Be3 b6 8. Qd2 Be7
9. Be2 O-O 10. O-O f5 11. Nd1 cxd4 12. Nxd4 Nxd4 13. Bxd4 Nc5 14. Nf2 Qe8 15. b4
Ne4 16. Nxe4 dxe4 17. Bc4 Qc6 18. Qc3 Qa4 19. b5 Rd8 20. Be3 Kf7 21. Qb3 Qa3 22.
Rfd1 Rxd1+ 23. Rxd1 Qxb3 24. axb3 h6 25. g4 g6 26. gxf5 gxf5 27. Bf2 Rb8 28. Be2
Rb7 29. Bh5+ Kf8 30. Rd4 Bd7 31. Be2 Bc5 32. Rd1 e3 33. Bh4 Be8 34. Kf1 Rc7 35.
c4 Rd7 36. Rxd7 Bxd7 37. Bf3 Bc8 38. Ke2 a5 39. bxa6 Bxa6 40. Bc6 Kf7 41. Be1
Ke7 42. Bh4+ Kf7 43. Kd3 Kg6 44. Be1 Kh5 45. h3 Kg6 46. b4 Be7 47. b5 Bc8 48.
Kxe3 Kf7 49. Bf2 Bb4 50. Kf3 Ba5 51. c5 bxc5 52. Bxc5 Kg6 53. b6 Ba6 54. b7 Bc7
55. Bd6 Bxb7 56. Bxb7 Bb6 57. Bf8 Ba5 58. Bc8 1-0

[Event "World Women's Team Pool A"]
[Site "Linares ESP"]
[Date "2025.11.18"]
[Round "1.10"]
[White "Caballero Quijano, Mitzy Mishell"]
[Black "Beydullayeva, Govhar"]
[Result "1/2-1/2"]
[WhiteTitle "WIM"]
[BlackTitle "WGM"]
[WhiteElo "2002"]
[BlackElo "2358"]
[WhiteTeam "Peru"]
[BlackTeam "Azerbaijan"]
[WhiteFideId "3807223"]
[BlackFideId "13413015"]
[EventDate "2025.11.18"]

1. d4 Nf6 2. c4 e6 3. Nf3 d5 4. Nc3 c6 5. Bg5 h6 6. Bxf6 Qxf6 7. e3 g6 8. Bd3
Bg7 9. O-O O-O 10. Ne5 Rd8 11. c5 Nd7 12. f4 Nf8 13. b4 Bd7 14. a4 Be8 15. b5
Qe7 16. bxc6 bxc6 17. Qd2 f6 18. Nf3 e5 19. Ba6 Ne6 20. Rfb1 Rab8 21. g3 h5 22.
Bf1 Bh6 23. Bg2 exd4 24. exd4 Ng7 25. Qd3 Nf5 26. Re1 Qc7 27. Re6 Qf7 28. Rae1
Bd7 29. R6e2 Re8 30. Qa6 Rxe2 31. Rxe2 Be8 32. Bh3 Ng7 33. Re3 Qb7 34. Qe2 Bf7
35. Re7 Qb3 36. Qd3 Qb2 37. Re2 Qb7 38. Re1 Re8 39. Rxe8+ Bxe8 40. Qb1 Qxb1+ 41.
Nxb1 Kf7 42. Na3 Ke7 43. Nc2 g5 44. fxg5 fxg5 45. Ne5 g4 46. Bf1 Nf5 47. Kf2 Bg7
48. Ba6 Nxd4 49. Nxd4 Bxe5 50. Ke3 Kd7 51. Nxc6 Kxc6 52. Bb5+ Kxc5 53. Bxe8 h4
54. Bd7 hxg3 55. hxg3 Bxg3 56. Bxg4 Kc4 57. Kd2 a5 58. Bd7 Bf4+ 59. Kd1 Kc3 60.
Bb5 d4 61. Bc6 d3 62. Bb5 Bd6 63. Bd7 Bb4 64. Bb5 Bd6 65. Bd7 Bb4 66. Bb5 d2 67.
Bc6 Kd3 68. Bb5+ Ke3 69. Bc6 Bc3 70. Bd7 Bb4 71. Be8 Bc3 72. Bb5 Bb4 73. Bc6 Bc3
74. Bb5 Bb4 75. Bc6 Bc3 76. Bb5 Bb4 1/2-1/2

[Event "World Women's Team Pool A"]
[Site "Linares ESP"]
[Date "2025.11.18"]
[Round "1.11"]
[White "Balajayeva, Khanim"]
[Black "Contreras Huaman, Fiorella"]
[Result "1-0"]
[WhiteTitle "IM"]
[BlackTitle "FM"]
[WhiteElo "2350"]
[BlackElo "2199"]
[WhiteTeam "Azerbaijan"]
[BlackTeam "Peru"]
[WhiteFideId "13406396"]
[BlackFideId "3824675"]
[EventDate "2025.11.18"]

1. e4 c6 2. d4 d5 3. e5 c5 4. c3 Nc6 5. Bb5 Qc7 6. dxc5 Qxe5+ 7. Ne2 Bd7 8. O-O
Nf6 9. Re1 e6 10. b4 Be7 11. Bf4 Qh5 12. Nd2 O-O 13. Nf3 Ne4 14. Be3 f5 15. c4
Qe8 16. cxd5 Nxb4 17. Bxd7 Qxd7 18. d6 Bf6 19. Rb1 Na6 20. Rc1 Rac8 21. Nf4 Rfe8
22. Nd3 e5 23. Qb3+ Kh8 24. Qd5 Qc6 25. Qxc6 Rxc6 26. d7 Rf8 27. Ndxe5 Re6 28.
Red1 g5 29. c6 g4 30. c7 Nxc7 31. Rxc7 Bd8 32. Rc8 Kg8 33. Nd4 Rd6 34. Rdc1 Kg7
35. Rxd8 Rxd8 36. Nxf5+ Kf6 37. Nxd6 Ng5 1-0

[Event "World Women's Team Pool A"]
[Site "Linares ESP"]
[Date "2025.11.18"]
[Round "1.12"]
[White "Jimenez Salas, Maria Teresa"]
[Black "Mammadova, Gulnar"]
[Result "1/2-1/2"]
[WhiteTitle "WIM"]
[BlackTitle "IM"]
[WhiteElo "2224"]
[BlackElo "2338"]
[WhiteTeam "Peru"]
[BlackTeam "Azerbaijan"]
[WhiteFideId "3843866"]
[BlackFideId "13403508"]
[EventDate "2025.11.18"]

1. e4 e5 2. Nf3 Nc6 3. d4 exd4 4. Nxd4 Nf6 5. Nc3 Bb4 6. Nxc6 bxc6 7. Bd3 O-O 8.
O-O Re8 9. Qf3 d6 10. Bg5 h6 11. Bd2 Qe7 12. Rfe1 Rb8 13. h3 Nd7 14. Qg3 Qf6 15.
Kh1 Bc5 16. Nd1 Ne5 17. Bc3 Qg5 18. Qxg5 hxg5 19. Ne3 Ng6 20. Nf5 f6 21. Bc4+ d5
22. Bb3 Bxf5 23. exf5 Nh4 24. Rxe8+ Rxe8 25. Ba4 d4 26. Bxc6 Re2 27. Be1 Nxf5
28. Ba4 Nd6 29. b4 Bb6 30. Bb3+ Kh7 31. a4 a6 32. Kg1 Kg6 33. Kf1 Re5 34. c3 f5
35. Rd1 dxc3 36. Bxc3 Re7 37. Bd4 Bxd4 38. Rxd4 Re5 39. Bc2 Kf6 40. Rd3 a5 41.
bxa5 Rxa5 42. Ke2 f4 43. g3 Nf7 44. Rc3 c5 45. Kf3 Ke5 46. Kg4 fxg3 47. fxg3 Kd4
48. Rd3+ Ke5 49. Rf3 Ra7 50. Bb3 Nd6 51. Kxg5 Ne4+ 52. Kg6 Nd2 53. Rd3 Nxb3 54.
Rxb3 Rxa4 55. Kxg7 c4 56. Rb5+ Kd4 57. Rb7 c3 58. Rd7+ Ke4 59. Rc7 Kd3 60. h4
Rc4 61. Ra7 c2 62. Ra1 c1=Q 63. Rxc1 Rxc1 64. h5 Ke4 65. h6 Kf5 66. h7 Rc7+ 67.
Kh6 Rxh7+ 68. Kxh7 Kg4 69. Kg6 Kxg3 1/2-1/2

[Event "World Women's Team Pool A"]
[Site "Linares ESP"]
[Date "2025.11.18"]
[Round "2.1"]
[White "Khademalsharieh, Sarasadat"]
[Black "Cori T., Deysi"]
[Result "0-1"]
[WhiteTitle "IM"]
[BlackTitle "IM"]
[WhiteElo "2429"]
[BlackElo "2350"]
[WhiteTeam "Spain"]
[BlackTeam "Peru"]
[WhiteFideId "12512214"]
[BlackFideId "3801934"]
[EventDate "2025.11.18"]

1. d4 Nf6 2. c4 g6 3. g3 Bg7 4. Bg2 O-O 5. Nc3 d6 6. Nf3 c6 7. O-O Bf5 8. Nh4
Be6 9. d5 cxd5 10. cxd5 Bd7 11. Be3 Na6 12. h3 Qa5 13. a3 Rfc8 14. Nf3 Rxc3 15.
Bd2 Nxd5 16. bxc3 Nxc3 17. Rc1 Nc5 18. Qe1 N5e4 19. Nh4 Qxa3 20. Bxc3 Bxc3 21.
Qd1 Nd2 22. Qc2 Rc8 23. Rfd1 b5 24. Qd3 b4 25. Bd5 e6 26. Bb7 Rb8 27. Bg2 d5 28.
Qe3 Nc4 29. Qf4 Rf8 30. Qc7 Ba4 31. Rf1 Bb2 0-1

[Event "World Women's Team Pool A"]
[Site "Linares ESP"]
[Date "2025.11.18"]
[Round "2.2"]
[White "Caballero Quijano, Mitzy Mishell"]
[Black "Vega Gutierrez, Sabrina"]
[Result "0-1"]
[WhiteTitle "WIM"]
[BlackTitle "IM"]
[WhiteElo "2002"]
[BlackElo "2377"]
[WhiteTeam "Peru"]
[BlackTeam "Spain"]
[WhiteFideId "3807223"]
[BlackFideId "2219026"]
[EventDate "2025.11.18"]

1. d4 d5 2. Nf3 c5 3. dxc5 e6 4. a3 Bxc5 5. b4 Be7 6. Bb2 Bf6 7. Bxf6 Nxf6 8. e3
O-O 9. c4 a5 10. Nbd2 Qe7 11. Rb1 axb4 12. axb4 e5 13. Be2 d4 14. exd4 exd4 15.
Nxd4 Rd8 16. N4f3 Ne4 17. Nxe4 Rxd1+ 18. Rxd1 Bf5 19. Ng3 Bc2 20. Rc1 Qxb4+ 21.
Kf1 Qb2 22. Re1 Ra1 23. h4 Nc6 24. Kg1 Ne5 25. Rxa1 Qxa1+ 26. Nf1 Nxf3+ 27. Bxf3
Bd3 28. Kh2 Bxf1 29. g3 Qf6 0-1

[Event "World Women's Team Pool A"]
[Site "Linares ESP"]
[Date "2025.11.18"]
[Round "2.3"]
[White "Matnadze Bujiashvili, Ann"]
[Black "Contreras Huaman, Fiorella"]
[Result "1-0"]
[WhiteTitle "IM"]
[BlackTitle "FM"]
[WhiteElo "2326"]
[BlackElo "2199"]
[WhiteTeam "Spain"]
[BlackTeam "Peru"]
[WhiteFideId "13601377"]
[BlackFideId "3824675"]
[EventDate "2025.11.18"]

1. d4 d5 2. Nf3 Nf6 3. c4 e6 4. Nc3 Be7 5. g3 O-O 6. Bg2 dxc4 7. Ne5 Nc6 8. Bxc6
bxc6 9. Nxc6 Qe8 10. Nxe7+ Qxe7 11. Qa4 e5 12. Qxc4 exd4 13. Qxd4 c5 14. Qh4 Rb8
15. O-O Rb4 16. e4 Qe5 17. a3 Rc4 18. Bf4 Qh5 19. Qxh5 Nxh5 20. Be3 a5 21. f3
Ba6 22. Rfd1 f5 23. Rd5 Bb7 24. Re5 g6 25. Rxc5 Rxc5 26. Bxc5 Re8 27. Re1 Bc6
28. Kf2 fxe4 29. Nxe4 a4 30. Bd4 Rd8 31. Ke3 h6 32. Rc1 Bb5 33. Rc7 g5 34. g4 1-0

[Event "World Women's Team Pool A"]
[Site "Linares ESP"]
[Date "2025.11.18"]
[Round "2.4"]
[White "Jimenez Salas, Maria Teresa"]
[Black "Garcia-Castany Musellas, Gal.la"]
[Result "1/2-1/2"]
[WhiteTitle "WIM"]
[BlackTitle "WFM"]
[WhiteElo "2224"]
[BlackElo "2203"]
[WhiteTeam "Peru"]
[BlackTeam "Spain"]
[WhiteFideId "3843866"]
[BlackFideId "2241803"]
[EventDate "2025.11.18"]

1. e4 e5 2. Nf3 Nc6 3. d4 exd4 4. Nxd4 Bc5 5. Nb3 Bb6 6. Qe2 d6 7. Nc3 Nf6 8.
Be3 Be6 9. O-O-O Qe7 10. g3 O-O-O 11. Bg2 Nd7 12. Kb1 f6 13. Rhe1 Rhe8 14. Nd5
Qf7 15. Nxb6+ axb6 16. f4 Kb8 17. Nc1 Nc5 18. Bg1 Bd7 19. Nb3 Re7 20. Nxc5 bxc5
21. Qd2 Rde8 22. Re3 Nb4 23. b3 Nc6 24. Rde1 Nd8 25. e5 dxe5 26. fxe5 fxe5 27.
Qc3 b6 28. Rxe5 Qf6 29. Rxe7 Qxc3 30. Rxe8 Bxe8 31. Rxe8 Qd2 32. Be3 Qxg2 33.
Rxd8+ Kb7 34. Bf4 Qc6 35. h4 c4 36. bxc4 Qxc4 37. Rd3 h6 38. a3 g5 39. hxg5 hxg5
40. Bc1 Qb5+ 41. Rb3 Qe5 42. Bd2 Ka6 43. Bc1 c5 44. Re3 Qf5 45. Bd2 Qf2 46. Bc1
Qf6 47. Re4 Qf5 48. Re8 Qd5 49. Re7 Qd6 50. Re3 Qd5 1/2-1/2

[Event "World Women's Team Pool A"]
[Site "Linares ESP"]
[Date "2025.11.18"]
[Round "2.5"]
[White "Assaubayeva, Bibisara"]
[Black "Fataliyeva, Ulviyya"]
[Result "1/2-1/2"]
[WhiteTitle "GM"]
[BlackTitle "IM"]
[WhiteElo "2513"]
[BlackElo "2420"]
[WhiteTeam "Kazakhstan"]
[BlackTeam "Azerbaijan"]
[WhiteFideId "13708694"]
[BlackFideId "13403052"]
[EventDate "2025.11.18"]

1. e4 c5 2. Nf3 e6 3. c3 Nf6 4. Bd3 d5 5. e5 Nfd7 6. Bc2 d4 7. O-O Nc6 8. Ba4 d3
9. Bxc6 bxc6 10. Na3 g5 11. Qa4 h5 12. Qe4 Nb6 13. c4 g4 14. Ne1 Qd4 15. Qxd4
cxd4 16. b3 Bb7 17. Nxd3 a5 18. Re1 h4 19. Re4 Rg8 20. Rxd4 c5 21. Rd6 Bxd6 22.
exd6 Nd7 23. Nb5 Rd8 24. Bb2 h3 25. g3 f6 26. Re1 Kf7 27. Nc7 Nf8 28. Nxc5 Bc6
29. N5xe6 Rxd6 30. Nd4 Rg5 31. Nxc6 Rxc6 32. Nd5 Ng6 33. d3 Ne5 34. Bxe5 fxe5
35. Kf1 Rc8 36. Ke2 Ke6 37. Rc1 Rg7 38. Ne3 Rc5 39. Kd2 Rd7 40. Kc3 Rd4 41. Re1
Rc8 42. Nc2 Rd7 43. d4 Rf7 44. Rxe5+ Kd7 45. Ne3 Rxf2 46. Nxg4 Rf3+ 47. Kd2 Rg8
48. Re4 Kd6 49. Ne5 Rf2+ 50. Re2 Rxe2+ 51. Kxe2 Rxg3 52. Nd3 Rg2+ 53. Nf2 Rxh2
54. Kf3 Rg2 55. a3 Rg1 56. Nxh3 Rb1 57. Ng5 Rxb3+ 58. Ke2 Rxa3 59. Kd2 Ra2+ 60.
Kd3 Ra3+ 61. Kd2 Ra2+ 62. Kd3 1/2-1/2

[Event "World Women's Team Pool A"]
[Site "Linares ESP"]
[Date "2025.11.18"]
[Round "2.6"]
[White "Balajayeva, Khanim"]
[Black "Kamalidenova, Meruert"]
[Result "1/2-1/2"]
[WhiteTitle "IM"]
[BlackTitle "IM"]
[WhiteElo "2350"]
[BlackElo "2343"]
[WhiteTeam "Azerbaijan"]
[BlackTeam "Kazakhstan"]
[WhiteFideId "13406396"]
[BlackFideId "13712802"]
[EventDate "2025.11.18"]

1. e4 c5 2. Nf3 Nc6 3. d4 cxd4 4. Nxd4 Nf6 5. Nc3 e5 6. Ndb5 d6 7. Bg5 a6 8. Na3
b5 9. Nab1 Be7 10. Bxf6 Bxf6 11. a4 b4 12. Nd5 O-O 13. Bc4 Be6 14. O-O Bg5 15.
Qd3 a5 16. c3 g6 17. Rd1 Kg7 18. Bb5 Ne7 19. Nxe7 Bxe7 20. cxb4 axb4 21. Nd2 Qb6
22. Bc4 Bg4 23. Rf1 Bd7 24. b3 Bc8 25. Rac1 Bb7 26. Bd5 Ba6 27. Nc4 Bxc4 28.
Rxc4 Rac8 29. Rfc1 Rc5 30. Rxc5 dxc5 31. Qb5 Qa7 32. Qb7 Qxb7 33. Bxb7 Rb8 34.
Bd5 Rb6 35. Bc4 Rd6 36. a5 Bd8 37. Ra1 Rd7 38. Kf1 Kf8 39. Ke2 Ke7 40. Bb5 Ra7
41. a6 Bb6 42. Kd3 Ra8 43. Bc6 Rd8+ 44. Bd5 Ba7 45. Kc4 Rd6 46. g3 g5 47. Ra5 h6
48. Ra2 Rf6 49. Kb5 Kd8 50. Bb7 Kc7 51. Rd2 Rd6 52. Rxd6 Kxd6 53. Kc4 f6 54. Bd5
Kc7 55. Kd3 c4+ 56. Kxc4 Bxf2 57. g4 Kd6 58. Kxb4 Ba7 59. Kc4 Bd4 60. b4 Ba7 61.
Kd3 Bb6 62. Ke2 Ba7 63. Kd3 Bb6 64. Kc4 Ba7 65. h3 Bd4 66. Bf7 Ba7 67. Kb5 Kc7 1/2-1/2

[Event "World Women's Team Pool A"]
[Site "Linares ESP"]
[Date "2025.11.18"]
[Round "2.7"]
[White "Balabayeva, Xeniya"]
[Black "Mammadova, Gulnar"]
[Result "1-0"]
[WhiteTitle "WGM"]
[BlackTitle "IM"]
[WhiteElo "2360"]
[BlackElo "2338"]
[WhiteTeam "Kazakhstan"]
[BlackTeam "Azerbaijan"]
[WhiteFideId "13719688"]
[BlackFideId "13403508"]
[EventDate "2025.11.18"]

1. d4 Nf6 2. c4 e6 3. Nc3 Bb4 4. e3 O-O 5. a3 Bxc3+ 6. bxc3 d5 7. cxd5 exd5 8.
Bd3 c5 9. Ne2 b6 10. O-O Ba6 11. Bxa6 Nxa6 12. Qd3 Nc7 13. f3 Re8 14. Ng3 h5 15.
Ra2 Qd7 16. Raf2 Rad8 17. Bb2 Qb5 18. Qd2 Rd7 19. Nf5 Ne6 20. h3 Kh7 21. g4 g6
22. e4 gxf5 23. exf5 Ng7 24. Bc1 Kg8 25. Rg2 Kf8 26. g5 Ng8 27. f6 Nf5 28. Qc2
Nge7 29. fxe7+ Nxe7 30. f4 cxd4 31. f5 Qc5 32. cxd4 Qxd4+ 33. Kh1 Qc4 34. Qd1
Ng8 35. f6 Re4 36. Qf3 Rd6 37. Rgf2 Rde6 38. Qg3 Qc8 39. g6 fxg6 40. Qxg6 Qd7
41. Bh6+ 1-0